chanteurs et musiciens français anciens - Statistiques

Statistiques générales
  • Ce quiz a été pris 24 fois
  • Le résultat moyen est 5 sur 16
Statistiques - réponses
Par images Réponse % Correct
Dani
82%
Yvette Horner
82%
Daniel Guichard
77%
Stone
77%
Eric Charden
55%
Charlotte Julian
27%
André Verchuren
18%
Marie
18%
Aimable
14%
Pierre Groscolas
14%
Monty
9%
Jean Michel Caradec
5%
Danielle Licari
0%
Georges guetary
0%
Jean Claude Borrely
0%
Philippe Claye
0%
Aucun quiz correspondant
Distribution des résultats
% des personnes avec chaque résultat
Percentile par nombre de réponses
Votre historique - résultats
Vous n’avez pas pris ce quiz